| 000 | 00657nam a2200229 i 4500 | ||
|---|---|---|---|
| 001 | 73248 | ||
| 003 | ES-MaACL | ||
| 005 | 20230906171724.0 | ||
| 007 | t| | ||
| 008 | 040923s2004 sp ||||1| spa d | ||
| 020 | _a84-8191-578-5 | ||
| 080 | _a821.134.2-14"19" | ||
| 100 | 1 |
_aGarcía Martín, José Luis. _954900 |
|
| 245 | 1 | 0 |
_aMudanza _b: (poesía 1972-2003) / _cJosé Luis García Martín. |
| 250 | _a1ª ed. | ||
| 260 |
_aValencia : _bPre-Textos, _c2004. |
||
| 300 |
_a211 p. ; _c22 cm. |
||
| 490 | 1 |
_aLa cruz del sur ; _v274 |
|
| 830 | 0 |
_aLa cruz del sur ; _v274 _9183389 |
|
| 852 |
_aES-MaACL _jL-28145 _bR.134058 |
||
| 999 |
_c73248 _d73248 |
||